|
|
|
|
| LEADER |
04426nam a2201069 ia4500 |
| 001 |
nkc20183058338 |
| 003 |
CZ PrNK |
| 005 |
20260318080119.0 |
| 007 |
ta |
| 008 |
190313s2019 xr e 001 0acze |
| 015 |
|
|
|a cnb003058338
|
| 020 |
|
|
|a 978-80-200-2970-6
|q (vázáno)
|
| 035 |
|
|
|a (OCoLC)1107848831
|
| 040 |
|
|
|a ABA001
|b cze
|d BOA001
|e rda
|
| 041 |
0 |
|
|a cze
|b eng
|
| 043 |
|
|
|a e-xr---
|b e-xr-cc
|b e-xr-pg
|a e-au---
|2 czenas
|
| 045 |
|
|
|a x5y0
|
| 072 |
|
7 |
|a 57/59
|x Biologické vědy
|2 Konspekt
|9 2
|
| 072 |
|
7 |
|a 929
|x Biografie
|2 Konspekt
|9 8
|
| 080 |
|
|
|a 57/59-051
|2 MRF
|
| 080 |
|
|
|a [39+572]-051
|2 MRF
|
| 080 |
|
|
|a 101-051
|2 MRF
|
| 080 |
|
|
|a 394
|2 MRF
|
| 080 |
|
|
|a 316.728
|2 MRF
|
| 080 |
|
|
|a 316.334.55
|2 MRF
|
| 080 |
|
|
|a 316.334.56
|2 MRF
|
| 080 |
|
|
|a 314.15-026.44
|2 MRF
|
| 080 |
|
|
|a 94(437)"1969/1989"
|2 MRF
|
| 080 |
|
|
|a 5(091)
|2 MRF
|
| 080 |
|
|
|a 94(437.31-13)
|2 MRF
|
| 080 |
|
|
|a 929
|2 MRF
|
| 080 |
|
|
|a (437.31-13)
|2 MRF
|
| 080 |
|
|
|a (437.311)
|2 MRF
|
| 080 |
|
|
|a (436.1)
|2 MRF
|
| 080 |
|
|
|a (092)
|2 MRF
|
| 100 |
1 |
|
|a Komárek, Stanislav,
|d 1958 srpen 6.-
|7 jn19990209376
|4 aut
|
| 245 |
1 |
0 |
|a Města a městečka :
|b memoáry /
|c Stanislav Komárek
|
| 250 |
|
|
|a Vydání 1.
|
| 264 |
|
1 |
|a Praha :
|b Academia,
|c 2019
|
| 300 |
|
|
|a 2 svazky (264; 282 stran) ;
|c 20 cm
|
| 336 |
|
|
|a text
|b txt
|2 rdacontent
|
| 337 |
|
|
|a bez média
|b n
|2 rdamedia
|
| 338 |
|
|
|a svazek
|b nc
|2 rdacarrier
|
| 504 |
|
|
|a Obsahuje bibliografie a rejstříky
|
| 505 |
0 |
|
|a I. díl, Městečka -- II. díl, Města
|
| 546 |
|
|
|a Anglická resumé
|
| 600 |
1 |
7 |
|a Komárek, Stanislav,
|d 1958 srpen 6.-
|7 jn19990209376
|2 czenas
|
| 648 |
|
7 |
|a 20.-21. století
|7 ch462155
|2 czenas
|
| 648 |
|
4 |
|a 1958-2000
|
| 650 |
0 |
7 |
|a biologové
|7 ph138903
|z Česko
|y 20.-21. století
|2 czenas
|
| 650 |
0 |
7 |
|a biologové
|7 ph138903
|x mládí
|2 czenas
|
| 650 |
0 |
7 |
|a antropologové
|7 ph118531
|z Česko
|y 20.-21. století
|2 czenas
|
| 650 |
0 |
7 |
|a filozofové
|7 ph117191
|z Česko
|y 20.-21. století
|2 czenas
|
| 650 |
0 |
7 |
|a každodenní život
|7 ph121555
|z Česko
|y 20. století
|2 czenas
|
| 650 |
0 |
7 |
|a venkov
|7 ph127032
|z Česko
|y 20. století
|2 czenas
|
| 650 |
0 |
7 |
|a velkoměsta
|7 ph137092
|z Česko
|y 20. století
|2 czenas
|
| 650 |
0 |
7 |
|a každodenní život
|7 ph121555
|z Rakousko
|y 20. století
|2 czenas
|
| 650 |
0 |
7 |
|a velkoměsta
|7 ph137092
|z Rakousko
|y 20. století
|2 czenas
|
| 650 |
0 |
7 |
|a emigrace a imigrace
|7 ph137594
|z Česko
|y 20. století
|2 czenas
|
| 650 |
0 |
7 |
|a emigrace a imigrace
|7 ph137594
|z Rakousko
|y 20. století
|2 czenas
|
| 650 |
0 |
7 |
|a normalizace (1969-1989 : Československo)
|7 ph123319
|2 czenas
|
| 650 |
0 |
7 |
|a dějiny přírodních věd
|7 ph484316
|y 20.-21. století
|2 czenas
|
| 650 |
0 |
9 |
|a biologists
|x youth
|2 eczenas
|
| 650 |
0 |
9 |
|a biologists
|z Czechia
|y 20th-21st centuries
|2 eczenas
|
| 650 |
0 |
9 |
|a anthropologists
|z Czechia
|y 20th-21st centuries
|2 eczenas
|
| 650 |
0 |
9 |
|a philosophers
|z Czechia
|y 20th-21st centuries
|2 eczenas
|
| 650 |
0 |
9 |
|a everyday life
|z Czechia
|y 20th century
|2 eczenas
|
| 650 |
0 |
9 |
|a countryside
|z Czechia
|y 20th century
|2 eczenas
|
| 650 |
0 |
9 |
|a cities
|z Czechia
|y 20th century
|2 eczenas
|
| 650 |
0 |
9 |
|a everyday life
|z Austria
|y 20th century
|2 eczenas
|
| 650 |
0 |
9 |
|a cities
|z Austria
|y 20th century
|2 eczenas
|
| 650 |
0 |
9 |
|a emigration and immigration
|z Czechia
|y 20th century
|2 eczenas
|
| 650 |
0 |
9 |
|a emigration and immigration
|z Austria
|y 20th century
|2 eczenas
|
| 650 |
0 |
9 |
|a "normalization" (1969-1989 : Czechoslovakia)
|2 eczenas
|
| 650 |
0 |
9 |
|a history of natural sciences
|y 20th-21st centuries
|2 eczenas
|
| 651 |
|
7 |
|a Čechy jižní (Česko)
|7 ge131648
|2 czenas
|
| 651 |
|
7 |
|a Čechy jižní (Česko)
|7 ge131648
|x dějiny
|y 20. století
|2 czenas
|
| 651 |
|
7 |
|a Praha (Česko)
|7 ge118011
|2 czenas
|
| 651 |
|
7 |
|a Vídeň (Rakousko)
|7 ge131380
|2 czenas
|
| 651 |
|
9 |
|a Bohemia, Southern (Czechia)
|2 eczenas
|
| 651 |
|
9 |
|a Bohemia, Southern (Czechia)
|x history
|y 20th century
|2 eczenas
|
| 651 |
|
9 |
|a Prague (Czechia)
|2 eczenas
|
| 651 |
|
9 |
|a Vienna (Austria)
|2 eczenas
|
| 655 |
|
7 |
|a autobiografie
|7 fd131855
|2 czenas
|
| 655 |
|
9 |
|a autobiography
|2 eczenas
|
| 710 |
2 |
|
|a Academia (nakladatelství)
|7 ko2002101950
|4 pbl
|
| 910 |
2 |
|
|a BOA001
|b 1-1427.576
|s 1-2
|
| 990 |
|
|
|a BK
|
| 995 |
|
|
|a 01
|
| 991 |
|
|
|b 201905
|c NOV
|
| 996 |
6 |
|
|b 2610783016
|c 1-1427.576
|d 1. díl
|v 1
|l MZK
|r Sklad / do 1 hodiny
|n 1
|p p.v.
|w 001723902
|u 000010
|a 1
|e BOA001
|j MZK50
|s P
|
| 996 |
6 |
|
|b 2610783017
|c 1-1427.576
|d 2. díl
|v 2
|l MZK
|r Sklad / do 1 hodiny
|n 2
|p p.v.
|w 001723902
|u 000020
|a 1
|e BOA001
|j MZK50
|s P
|